000 00585nam a2200217Ia 4500
003 OSt
005 20220924114555.0
006 a|||||r|||| 00| 0
007 ta
008 220923b |||||||| |||| 00| 0 san d
024 _a269727
037 _cTextual
040 _aARTS
_cARTS
_bsan
041 _2san
_asan
082 _aR66xK12,2, 15F0
100 _aPurusottam
_9174327
245 0 _aPrasthana ratnakara
260 _aBenares
_bPublished and Sold by the Secretary
_c1920
942 _hR66xK12,2, 15F0
_cTEXL
_2CC
999 _c394269
_d394269